Aida / (Record no. 196125)

MARC details
000 -LEADER
campo de control de longitud fija 02204nam a2200397 i 4500
001 - NÚMERO DE CONTROL
campo de control 196125
003 - IDENTIFICADOR DE NÚMERO DE CONTROL
campo de control ES-MaACL
005 - FECHA Y HORA DE LA ÚLTIMA TRANSACCIÓN
campo de control 20250904034330.0
008 - DATOS DE LONGITUD FIJA--INFORMACIÓN GENERAL
campo de control de longitud fija 240209b2007 sp ||||| |||| 00| 0 spa d
017 ## - NÚMERO DE COPYRIGHT O DE DEPÓSITO LEGAL
Número de copyright o de depósito legal M 41073-2007
Agencia que asigna Oficina Depósito Legal Madrid
020 ## - NÚMERO INTERNACIONAL ESTÁNDAR DEL LIBRO
Número Internacional Estándar del Libro 9788496832855
040 ## - FUENTE DE CATALOGACIÓN
Lengua de catalogación spa
Centro/agencia transcriptor ES-MaACL
100 1# - ENTRADA PRINCIPAL--NOMBRE DE PERSONA
Nombre de persona Verdi, Giuseppe,
Fechas asociadas al nombre 1813-1901
9 (RLIN) 240500
Término indicativo de función/relación Compositor
245 ## - MENCIÓN DEL TÍTULO
Título Aida /
Mención de responsabilidad, etc. Luciano Pavarotti ; Guiseppe Verdi ; libreto de Antonio Ghislanzoni y Camille du Locle
Medio [Película cinematográfica]
260 ## - PUBLICACIÓN, DISTRIBUCIÓN, ETC.
Lugar de publicación, distribución, etc. Madrid :
Nombre del editor, distribuidor, etc. Prisa Innova,
Fecha de publicación, distribución, etc. 2007
264 ## - PRODUCCIÓN, PUBLICACIÓN, DISTRIBUCIÓN, FABRICACIÓN Y COPYRIGHT
Producción, publicación, distribución, fabricación y copyright ©2007
300 ## - DESCRIPCIÓN FÍSICA
Extensión 1 disco (DVD Vídeo) +
Material acompañante/anejo 1 libro (72 páginas)
336 ## - TIPO DE CONTENIDO
Fuente rdacontent
Término de tipo de contenido imagen en movimiento bidimensional
337 ## - TIPO DE MEDIO
Fuente rdamedia
Nombre/término del tipo de medio vídeo
338 ## - TIPO DE SOPORTE
Fuente rdacarrier
Nombre/término del tipo de soporte vídeodisco
490 1# - MENCIÓN DE SERIE
Mención de serie Los clásicos de la ópera, 400 años ;
Designación de volumen o secuencia 39
490 1# - MENCIÓN DE SERIE
Mención de serie Pavarotti para siempre
520 ## - RESUMEN, ETC.
Sumario, etc. Calificado por colegas, directores y estudiosos de poseedor de "la voz más bella del siglo", Luciano Pavarotti (Módena, 1935-2007) ha acercado la ópera a millones de espectadores a través de sus actuaciones en los primeros escenarios mundiales y de sus numerosísimas grabaciones audiovisuales, convirtiéndose en un fenómeno mediático nunca hasta aquí protagonizado por un astro de la lírica. En el riguroso ensayo del reconocido experto vocal Arturo Reverter, que acompaña las presentes grabaciones, se ofrece una exhaustiva revisión de la vida y el arte del recientemente desaparecido tenor italiano.
700 1# - ENTRADA AGREGADA--NOMBRE PERSONAL
Nombre de persona Pavarotti, Luciano,
Fechas asociadas al nombre 1935-2007
Término indicativo de función/relación Intérprete
9 (RLIN) 240584
700 1# - ENTRADA AGREGADA--NOMBRE PERSONAL
Nombre de persona Maazel, Lorin
Término indicativo de función/relación Director musical
9 (RLIN) 241316
700 1# - ENTRADA AGREGADA--NOMBRE PERSONAL
Nombre de persona Bailey, Derek
Término indicativo de función/relación Director de proyecto
9 (RLIN) 241317
830 #4 - PUNTO DE ACCESO ADICIONAL DE SERIE-TÍTULO UNIFORME
Título uniforme Los clásicos de la ópera, 400 años
Designación de volumen o secuencia 39
9 (RLIN) 235583
830 #0 - PUNTO DE ACCESO ADICIONAL DE SERIE-TÍTULO UNIFORME
9 (RLIN) 240709
Título uniforme Pavarotti para siempre
852 ## - LOCALIZACIÓN
Ubicación ES-MaACL
Sublocalización o colección R.155051
Ubicación en estantería Depósito J
Número de control de estantería N-9834
Donativo/Legado Donación: Miren Fernández
Encuadernación Encuadernación cartoné
itemnumber 205792
903 ## - NOMBRE PERSONAL DE DONANTE
a Fernández, Miren
e Donante
942 ## - ELEMENTOS DE ENTRADA SECUNDARIOS (KOHA)
Tipo de ítem Koha DVD
Suprimir en OPAC No
Holdings
Estatus retirado Estado de pérdida Fuente del sistema de clasificación o colocación Estado de daño No para préstamo Biblioteca de origen Biblioteca actual Ubicación en estantería Fecha de adquisición Fuente de adquisición Total de préstamos Signatura topográfica completa Código de barras Visto por última vez Precio de reemplazo Tipo de ítem Koha
    Clasificación decimal universal     Biblioteca del Ateneo de Madrid Biblioteca del Ateneo de Madrid Depósito J 24/05/2025 Donación   N-9834 101230139 24/05/2025 24/05/2025 Libro impreso